000 01023nam0a22002771 4500
001 rc\4296377
005 20250611152356.0
035 _a(NLR Aleph) 008255176
090 _a8361243
_c8361243
100 _a20130416d1966 |||y0rusy50 ca
101 0 _arus
102 _aRU
105 _ay z |||||
200 1 _aАвианосцы ВМС Англии
_eСборник переводов
_fЦентр. воен.-мор. б-ка. Центр. науч.-переводное бюро ВМФ
210 _aЛенинград
_cБ. и.
_d1966
215 _a25 л.
_d29
300 _aВ конце текста: ред.-сост. Ефимов Г.М.
300 _aОтпеч. множит. аппаратом
333 _aПродаже не подлежит
702 1 _4340
_4220
_7ca
_8rus
_aЕфимов
_bГ.М.
_cпереводчик, англ. язык
_9258095
_3RU\NLR\AUTH\770258151
801 0 _aRU
_bNLR
_gpsbo
801 1 _aRU
_bELAR
_2rusmarc
852 _aNLR
_j50К/5802
942 _cBOOK
980 _aNB